[Event "Norrkoeping Easter op"]
[Site "Norrkoeping"]
[Date "2018.04.01"]
[Round "7"]
[White "Sorensen, Hampus"]
[Black "Sternlund, Hakan"]
[Result "1-0"]
[WhiteElo "2244"]
[BlackElo "2108"]
[PlyCount "99"]
[EventDate "2018.03.30"]
[EventType "swiss"]
[EventRounds "9"]
[EventCountry "SWE"]
[SourceTitle "CBM 183 Extra"]
[Source "ChessBase"]
[SourceDate "2018.04.19"]
[SourceVersion "1"]
[SourceVersionDate "2018.04.19"]
[SourceQuality "1"]

1. d4 d5 2. c4 e6 3. Nc3 Nf6 4. cxd5 exd5 5. Bg5 Be7 6. e3 c6 7. Bd3 Nbd7 8. Qc2 Nf8 9. Nge2 Nh5 10. Bxe7 Qxe7 11. 0-0 Ng6 12. Rfe1 0-0 13. Ng3 Nxg3 14. hxg3 f5 15. Rab1 Be6 16. b4 b5 17. a4 a6 18. Na2 Bd7 19. axb5 axb5 20. Nc1 Qd6 21. Nb3 Ne7 22. Nc5 Ra7 23. Rec1 Rfa8 24. Rb3 g6 25. Qc3 Be8 26. Rbb1 Ra3 27. Qd2 Ra2 28. Qd1 Kf7 29. Nb7 Qb8 30. Na5 Ra3 31. Qd2 Qb6 32. Be2 Nc8 33. Qb2 Ra4 34. Bd1 R4xa5 35. bxa5 Rxa5 36. Qb4 Qa7 37. Bb3 Nb6 38. Qc3 Nc4 39. Bxc4 dxc4 40. Ra1 Rxa1 41. Rxa1 Qe7 42. f3 Kf8 43. Kf2 h5 44. Ke2 Kg8 45. Ra8 Kf7 46. d5 c5 47. Qh8 b4 48. Ra7 Bd7 49. Qh7+ Kf6 50. Ra6+ 1-0

[Event "Norrkoeping Easter op"]
[Site "Norrkoeping"]
[Date "2018.03.31"]
[Round "4"]
[White "Sternlund, Hakan"]
[Black "Johnson, Daniel"]
[Result "0-1"]
[WhiteElo "2108"]
[BlackElo "1981"]
[PlyCount "70"]
[EventDate "2018.03.30"]
[EventType "swiss"]
[EventRounds "9"]
[EventCountry "SWE"]
[SourceTitle "CBM 183 Extra"]
[Source "ChessBase"]
[SourceDate "2018.04.19"]
[SourceVersion "1"]
[SourceVersionDate "2018.04.19"]
[SourceQuality "1"]

1. c4 e5 2. Nc3 Nc6 3. Nf3 Nf6 4. d4 exd4 5. Nxd4 Bb4 6. Bg5 h6 7. Bh4 Qe7 8. e3 0-0 9. Be2 d6 10. Nxc6 Bxc3+ 11. bxc3 bxc6 12. Bf3 Bd7 13. Qd4 g5 14. Bg3 c5 15. Qd3 Rab8 16. Rb1 g4 17. Bb7 Rxb7 18. Rxb7 Bc6 19. Rb3 Bxg2 20. Rg1 Be4 21. Qd1 Kh8 22. Bh4 Bf3 23. Qd3 Qe5 24. Bxf6+ Qxf6 25. Rg3 h5 26. h3 h4 27. Rxg4 Bxg4 28. hxg4 Qf3 29. Qe2 Qh1+ 30. Qf1 Qf3 31. Qe2 Qh1+ 32. Kd2 h3 33. g5 Kg7 34. Qg4 h2 35. Qh3 Qg1 0-1

[Event "SWE-chT2 0708"]
[Site "Sweden"]
[Date "2008.03.09"]
[Round "9"]
[White "Sternlund, Hakan"]
[Black "Livner, Anders"]
[Result "1/2-1/2"]
[WhiteElo "2223"]
[BlackElo "2412"]
[PlyCount "37"]
[EventDate "2007.10.20"]
[EventType "team"]
[EventRounds "9"]
[EventCountry "SWE"]
[SourceTitle "EXT 2009"]
[Source "ChessBase"]
[SourceDate "2008.11.26"]
[SourceVersion "1"]
[SourceVersionDate "2008.11.26"]
[SourceQuality "1"]
[WhiteTeam "Vastervik"]
[BlackTeam "Stockholm Rockaden II"]
[WhiteTeamCountry "SWE"]
[BlackTeamCountry "SWE"]

1. c4 c5 2. Nc3 Nc6 3. g3 g6 4. Bg2 Bg7 5. e3 d6 6. Nge2 e5 7. d3 Nge7 8. a3 0-0 9. Rb1 a5 10. 0-0 Rb8 11. Bd2 Bf5 12. e4 Be6 13. Nb5 Qd7 14. Qc1 Bh3 15. Bh6 Bxg2 16. Kxg2 f5 17. Bg5 Bf6 18. f3 Kh8 19. Nec3 1/2-1/2